000 00928nam a2200241 a 4500
001 000023586
005 20200930022329.0
008 101214s1970 ag r 000 e spa d
040 _aDO-SdBNP
_bspa
_cBNPHU
041 1 7 _aspa
_heng
_2Código de idiomas MARC
082 _annnn
_bZ22o
100 1 _aZald, Mayer N.,
_948615
240 1 0 _aOrganizing for community welfare.
_lEspañol.
245 1 0 _aOrganización del bienestar social /
_cMayer N. Zald y otros ; traducción de María Luisa S. de Selvás.
260 _aBuenos Aires :
_bHumanitas ;
_bTres Américas,
_c1970.
300 _a364, [1] p. ;
_c20 cm.
490 1 _aPromoción humana
_v3
504 _aIncluye referencias bibliográficas y notas al pie de las páginas.
534 _pTítulo original en inglés:
_tOrganizing for community welfare.
_c1967
700 1 _aSelvás, María Luisa S.,
_etr.
_948616
830 0 _aPromoción humana ;
_v3
_948617
049 _aBNGR
999 _c23082
_d23082